000 00781nam a2200241 u 4500
005 20240213063856.0
008 161111s2013 es r 000 0 spa d
020 _a9788499214139
035 _aUPN01000214684
049 _aCG
050 4 _aLC40
_bC6.7
245 0 0 _aConstruir lo cotidiano :
_bun programa de educación parental /
_cSusana Torío López ... [et al.].
260 _aBarcelona, Esp. :
_bOctaedro,
_c2013.
300 _a223 p. :
_bil., gráfs., cuadros
440 0 _aUniversidad
650 4 _aEDUCACION FAMILIAR -
_vPLANES Y PROGRAMAS
_917822
650 4 _aRol sexual
_95307
650 4 _aPADRES E HIJOS -
_xORIENTACION
_99237
650 4 _aFamilias
_xAspectos sociales
_912049
700 1 _aTorío López, Susana,
_ecoaut.
905 _aLibro
999 _c186784
_d186784